000 00696nam a2200181Ia 4500
008 090630s9999 xx 000 0 und d
082 _b13105
100 _aमंगेशकर गीता.
245 _aअंधारातून प्रकाशाकडे.
_cमंगेशकर गीता.
260 _bबांदोडकर - गोवा.
_c1994
300 _a468
600 _aमंगेशकर गीता.
630 _aअंधारातून प्रकाशाकडे.
655 _aकादंबरी.
700 _aमंगेशकर गीता.
730 _aअंधारातून प्रकाशाकडे.
942 _cBOOK
999 _c264961
_d264961